1285 1164 1659 1681 1979 1253 1200 1470 1626 1828 1296 1548 1290 1017 1230 1147 1310 1736 1739 1283 1084 1255 1862 1312 1537 1968 1288 1767 1221 1873 1615 1967 1331 1895 1119 1787 1716 1487 1768 1065 1939 1138 1548 1806 1689 1221 1698 1229 1890 1098 1302 1211 1928 1595 1498 1000 1693 1664 1043 1010 1147 1036 1419 1875 1389 1316 1859 1709 1226 1481 1964 1161 1620 1898 1294 1396 1139 1288 1698 1867 1135 1778 1711 1780 1791 1661 1742 1411 1647 1026 1217 1383 1856 1915 1834 1641 1965 1963 1906 BCNSPRNW ULIB Ver.6.0+V

เปลี่ยนเป็นภาษาไทย

Change to English
 แสดงรายละเอียดบรรณานุกรม
  กลับหน้าหลัก

Brief Record : Get Marc (ISO 2709) : E-mail record : QR code < ปิดหน้าต่าง
LEADER : 00000nam 2200000uu 4500
001    13399128258
003     ULIB
008    220826s2564||||th 000 0 tha d
020    ^a9786167727318
050    ^aนว^bก633ร
100 0  ^aกิ่งฉัตร
245 10 ^aรางปรารถนา /^cกิ่งฉัตร
250    ^aพิมพ์ครั้งที่ 1
260    ^aกรุงเทพฯ :^bลูกองุ่น,^c2564
300    ^a424 หน้า ;^c21 ซม.
650  0 ^aThai fiction
650  4 ^aนวนิยายไทย
945    ^p330^l0^i29456
999    ^aกัณชพร จุลอักษร
รายการนี้ยังไม่มีแท็ก
คุณยังไม่ได้ล็อกอิน คุณสามารถมีกิจกรรมร่วมกับเว็บไซต์ได้ แต่ต้องล็อกอินก่อน ::
  ล็อกอิน

รายการสื่อสารสนเทศ

ลำดับที่ ประเภท เลขเรียก/บาร์โค้ด สถานที่ สถานะ
1. วิทยาศาสตร์การแพทย์ และสุขภาพ
วิทยาศาสตร์การแพทย์ และสุขภาพ
นว ก633ร ฉ.1 
  Barcode: 29456
ห้องสมุดวิทยาเขตนครสวรรค์
►นวนิยาย:l:Fiction
บนชั้น

รายการใกล้เคียง
    ผู้แต่ง [กิ่งฉัตร]

    หัวเรื่อง [Thai fiction]
    หัวเรื่อง [นวนิยายไทย]

BibComment


ยังไม่เคยถูกคอมเมนท์

คอมเมนท์ทรัพยากรรายการนี้
  คอมเมนท์: รางปรารถนา กิ่ง..


 Copyright 2026. Bcnsprnw @Library